| 000 -CABECERA |
| Longitud fija campo de control |
00752nam a2200205 a 4500 |
| 001 - NÚMERO DE CONTROL |
| Número de control |
948 |
| 003 - IDENTIFICADOR DEL NÚMERO DE CONTROL |
| Identificador del número de control |
CDMR |
| 005 - FECHA Y HORA DE LA ÚLTIMA TRANSACCIÓN |
| Fecha y hora de la última transacción |
20130412132411.0 |
| 008 - CÓDIGOS DE INFORMACIÓN DE LONGITUD FIJA |
| Códigos de información de longitud fija |
130130s2006||||||||||||||||||||||||||||d |
| 020 ## - NÚMERO INTERNACIONAL NORMALIZADO PARA LIBROS |
| Número Internacional Normalizado para Libros (ISBN) |
8439373139 |
| 040 ## - FUENTE DE LA CATALOGACIÓN |
| Centro catalogador de origen |
CDMR |
| Lengua de catalogación |
cat |
| Centro transcriptor |
CDMR |
| 111 2# - PUNTO DE ACCESO PRINCIPAL-NOMBRE DE CONGRESO |
| Nombre de congreso o jurisdicción como elemento de entrada |
Jornades Parlamentàries sobre Mitjans de Comunicació Audiovisual |
| Sede del congreso |
Barcelona |
| Fecha del congreso |
2006 |
| Número del congreso o número de parte o sección de la obra |
6enes |
| 9 (RLIN) |
738 |
| 245 13 - MENCIÓN DE TÍTULO |
| Título |
El futur digital de la ràdio i la televisió |
| Mención de responsabilidad, etc. |
VI Jornada Parlamentària sobre Mitjans de Comunicació Audiovisuals |
| 260 ## - PUBLICACIÓN, DISTRIBUCIÓN, ETC. (PIE DE IMPRENTA) |
| Lugar de publicación, distribución, etc. |
Barcelona |
| Fecha de publicación, distribución, etc. |
2006 |
| Nombre del editor, distribuidor, etc. |
Parlament de Catalunya |
| 490 0# - MENCIÓN DE SERIE |
| Mención de serie |
Testimonis parlamentaris |
| Designación de volumen o secuencia |
25 |
| 650 04 - PUNTO DE ACCESO ADICIONAL DE MATERIA - TÉRMINO DE MATERIA |
| 9 (RLIN) |
3092 |
| Término de materia o nombre geográfico como elemento inicial |
Indústria audiovisual |
| 650 04 - PUNTO DE ACCESO ADICIONAL DE MATERIA - TÉRMINO DE MATERIA |
| 9 (RLIN) |
1448 |
| Término de materia o nombre geográfico como elemento inicial |
Mitjans de comunicació de massa |
| Subdivisión geográfica |
Catalunya |
| 710 1# - PUNTO DE ACCESO ADICIONAL - NOMBRE DE ENTIDAD |
| 9 (RLIN) |
739 |
| Nombre de entidad o nombre de jurisdicción como elemento inicial |
Catalunya |
| Unidad subordinada |
-- Parlament |
| 942 ## - ENTRADA DE ELEMENTOS AGREGADOS (KOHA) |
| Koha [por defecto] tipo de item |
Monografies |
| Fuente de clasificaión o esquema |
|